01782nam a22002777a 450000500170000000800410001702000150005804000070007304100120008008200220009210000320011424501130014626000420025930000330030144000460033452007910038065000370117165000180120865000360122670000340126270000340129670000290133094200120135999900190137195201140139020230619144409.0230619b ||||| |||| 00| 0 eng d a8178241048 cAL aEnglish 223a954.035bBOSN aSubhas Chandra Bose9124291 aNetaji Collected Work The Alternative Leadership: Speeches Articles Statements and Letters June 1939-1941  aKolkatabNetaji Research Bureauc2004 aix,244 p.bPBc21.5x13.5 cm. aNetaji Collected Works Volume 109124292 aBetween his resignation as Congress President in Calcutta on 29 April 1939 and his escape from his Elgin Road home on the night of 16-17 January 1941, Subbas Chandra Bose provided India with an alternative leadership in place of the old guard represented by the Gandhian High Command. His altemative was based on a commitment to anti-imperialism and future socialism. This volume brings together the writings and speeches of a crucial phase in Bose's political life immediately prior to his emergence as the Netaji of lndia's army of liberation. The themes dealt with here include the role of the left within the Indian independence movement, the Second World War as a conflict between rival imperialisms and the need for Hindu–Muslim unity and Congress–Muslim League understanding. aNetaji Collected Works 9124293 aIndia9124294 aPolitics and government9124295 aBOSE (Subhas Chandra)9124296 aBOSE (Sisir Kumar) Ed9124297 aBOSE (Sugata) Ed9124298 2ddccDB c227577d227577 00102ddc4073aALbALcRSd2023-06-16l0o954.035 BOSNpD05852r2023-06-19 00:00:00v250.00w2023-06-19yDB